| 000 | 01000nam a2200301 a 4500 | ||
|---|---|---|---|
| 001 | 000011820 | ||
| 003 | DO-SdBNP | ||
| 005 | 20240412074310.0 | ||
| 007 | ta | ||
| 008 | 091028s19982000dr 000 j spa d | ||
| 020 | _a8489536995 | ||
| 040 |
_aDO-SdBNP _bspa _cBNPHU |
||
| 082 | 4 |
_aRD863.44 _bB511t 2000 _222 |
|
| 100 | 1 |
_aBerigüete, Marino, _d1962- _916526 |
|
| 245 | 1 | 0 |
_aTrece cuentos supersticiosos del Sur / _cMarino Berigüete ; prólogo Diógenes Céspedes. |
| 246 | 1 | 3 | _a13 cuentos superticiosos del Sur |
| 250 | _a2a. ed. | ||
| 260 |
_aSanto Domingo : _aDe Colores, _c2000. |
||
| 300 |
_a227 p. ; _c21 cm. |
||
| 500 | _aIncluye datos biográficos del autor en la solapa de la cubierta | ||
| 500 | _aIncluye glosario. | ||
| 590 | _aInventariado, 2022/ YL | ||
| 650 | 0 |
_aCuentos dominicanos _9176 |
|
| 650 | 0 |
_aLiteratura dominicana. _967 |
|
| 700 | 1 |
_aCéspedes, Diógenes, _d1941- _eprólogo _920548 |
|
| 910 | _aYLockward/Validado. Control de calidad MFF | ||
| 942 |
_2ddc _cLBS1 |
||
| 999 |
_c52764 _d52764 |
||